000 01004nam a2200301Ia 4500
001 79027
003 IT-RoPAU
008 130308s9999 xx 000 0 und d
040 _aIT-RoPAU
040 _cIT-RoPAU
041 _aITALIANO
100 _aBuzzoni Marco
100 _gCodice Aut. SPICS: 27279
245 _aIncommensurabilità e problema della comunicazione nel linguaggio scientifico
245 _bLinguaggi della Comunicazione (I)
250 _a1a ed.
260 _aPADOVA
260 _bGregoriana
260 _c1987 [1° Ed.:1987 - Ed.Ling.Originale:1985]
300 _a"19 p. (prefazione: no ; testo: 19 [pagine: 127-145])"
500 _aIncommensurabilità e Comunicazione Parziale in T.S. Kuhn Riferimento Trascendentale e ideale Regolativo della Dinamica Scientifica Incommensurabilità e Concetto di Disciplina Scientifica
650 _aSAGGI DI LINGUISTICA
650 _eCodice materia Spics: 3207
942 _cBK
957 _71
999 _c40000
_d40000
999 _bSI
999 _g1